Comentario al 'De Substantia orbis' de Averroes : (Aristotelismo y averroismo) / por Alvaro de Toledo ; lo edita y anota Manuel Alonso (Aristotelismo y averroismo) / por Alvaro de Toledo ; lo edita y anota Manuel Alonso
Descripción Física:
282 p. ; 22 cm
Colección:
Consejo Superior de Investigaciones Científicas. Instituto Filosófico Luis Vives. Serie A ; II
Otros Autores:
Alonso, Manuel
MARC
| LEADER | 00000nam a2200000Ia 4500 | ||
|---|---|---|---|
| 001 | 748 | ||
| 008 | 160829s1941 xx 000 0 cat d | ||
| 080 | |a F-1-44 | ||
| 100 | |a Toledo, Alvaro de |9 32582 | ||
| 245 | |a Comentario al 'De Substantia orbis' de Averroes : |b (Aristotelismo y averroismo) / por Alvaro de Toledo ; lo edita y anota Manuel Alonso | ||
| 260 | |a Madrid : |b (Talleres Gráf. Bolaños y Aguilar), |c 1941 | ||
| 300 | |a 282 p. ; |c 22 cm | ||
| 490 | |a Consejo Superior de Investigaciones Científicas. Instituto Filosófico Luis Vives. Serie A ; II | ||
| 650 | |a Averroisme |9 32583 | ||
| 650 | |a Aristotelisme |9 32584 | ||
| 700 | 1 | |a Alonso, Manuel |9 32585 | |
| 901 | |a Arxiu | ||
| 942 | |n 1 | ||
| 952 | |0 0 |1 0 |4 0 |6 F144 |7 1 |9 46040 |a Arxiu |b Arxiu |d 2016-12-01 |l 0 |o F-1-44 |p 748 |r 2016-12-01 00:00:00 |w 2016-12-01 |y ARXIU | ||
| 999 | |c 49541 |d 49541 | ||